Statistics for Five Cities with Most Metro Rail Stations by Continent

Click here to take the quiz!

General Stats

  • This quiz has been taken 98 times
    (76 since last reset)
  • The average score is 19 of 22

Answer Stats

#city% Correct
355Tokyo-Yokohama
100%
41Rio de Janeiro
99%
334Beijing
97%
315London
97%
459New York
97%
67São Paulo
97%
85Buenos Aires
96%
364Shanghai
94%
61Cairo
93%
206Moscow
93%
302Paris
93%
145Chicago
91%
301Madrid
91%
108Santiago
91%
195Mexico City
87%
343Seoul
86%
91Washington
86%
383Guangzhou-Shenzhen
84%
180Barcelona
80%
88Philadelphia
71%
49Caracas
64%
14Algiers
51%

Score Distribution

Percentile by Number Answered

Percent of People with Each Score

Your Score History

You have not taken this quiz since the last reset